000 00999nam a22003257a 4500
003 CHAP
005 20220329135354.0
008 971013s1921 r 00010 d
010 _a35226
011 _a36198
035 _a40317
040 _cCHAP
090 _aFolleto 5867 (1921)
110 _aMéxico. Secretaría de Agricultura y Fomento
_977108
245 _aGorgojos y palomillas de los graneros de las harinas
250 _a2 ed.
260 _aMéxico, D.F. :
_b(s.e.),
_c1921
300 _a7 p
490 _aCircular CIASE
_v; 5
590 _aBATCH-UPD
_b10
_c20130110
_lUCH01
_h0128
590 _aBATCH-UPD
_b10
_c20130110
_lUCH01
_h2011
590 _aCONVERSION
_b10
_c20130109
_lUCH01
_h1320
650 1 4 _aCalandra granaria.
_917319
650 1 4 _aCereales
_xAlmacenamiento
_xPlagas.
_921378
650 1 4 _aSitotroga cerealella.
_9106791
830 0 _aCircular CIASE
_v; 5
_923374
901 _aBK
942 _cFOLL
949 _aFolleto 5867 (1921)
_bBC
_cBPP
_d-92206
_eBPP
_i40317
_mD
_si
999 _c35226
_d35226